000 00696nam a2200289Ia 4500
005 20260324140616.0
008 008 260324s9999 xx 000 0 eng d
020 _a9780203450314
037 _aEBOOK
040 _aCRL
040 _beng
040 _cCRL
041 _2eng
041 _aeng
084 _qCRL
100 _aJuha Laurila
_91205052
245 0 _aManaging Technological Discontinuities
245 4 _bThe Case of the Finnish Paper Industry
260 _bTaylor and Francis
260 _c1998
365 _a
365 _b70.99
856 _uhttp://www.taylorfrancis.com/books/9780203450314
942 _cEBOOK
999 _c1807290
_d1807290